Welcome to the Holygrace Academy Library

Please use search bar below to get started

PERSUASION (Record no. 2575)

MARC details
000 -LEADER
fixed length control field 00616nam a22001457a 4500
020 ## - INTERNATIONAL STANDARD BOOK NUMBER
ISBN 978-0-143-42734-6
082 ## - DEWEY DECIMAL CLASSIFICATION NUMBER
Classification number 823
Item number AUS/P
100 ## - MAIN ENTRY--AUTHOR NAME
Personal name AUSTEN, JANE
245 ## - TITLE STATEMENT
Title PERSUASION
260 ## - PUBLICATION, DISTRIBUTION, ETC. (IMPRINT)
Place of publication GURGAON
Name of publisher PENGUIN RANDOM HOUSE
Year of publication 2016
300 ## - PHYSICAL DESCRIPTION
Number of Pages 219
520 ## - SUMMARY, ETC.
Summary, etc Persuasion by Jane Austen is a satirical romance that follows the love story of Anne Elliot and Frederick Wentworth. After Anne is persuaded by her family and Lady Russell to reject Wentworth, Anne loses her youthful happiness. When Captain Wentworth comes back into her life, Anne starts to regain her youth.
650 ## - SUBJECT ADDED ENTRY--TOPICAL TERM
Topical Term NOVEL
Geographic subdivision INDIA
942 ## - ADDED ENTRY ELEMENTS (KOHA)
Koha item type Books
Holdings
Withdrawn status Lost status Collection code Home library Current library Shelving location Date acquired Source of acquisition Cost, normal purchase price Full call number Accession Number Koha item type
    Fiction Main Library Main Library SHELF-14A -ALPHABETICAL -A--ENGLISH NOVELS & FICTIONS 18/01/2019 purchase 199.00 823 AUS/P 10506 Books